000 00407nam a2200145Ia 4500
008 220217s9999||||xx |||||||||||||| ||und||
020 _a1-85-554-327-3
082 _a004.03 GUN
100 _aGunton, Tony
_93242
245 0 _aDictionary of information technology and computer science
250 _a2nd
260 _aNCC balck well
_bManchester
_c1993
300 _b850
650 _aCOMPUTER SCIENCE
999 _c171240
_d171240